| 000 | 00559nam a2200193Ii 4500 | ||
|---|---|---|---|
| 003 | JO-AjNU | ||
| 008 | 230606s9999||||xx |||||||||||||| ||und|| | ||
| 020 | _a978-1-4058-7350-5 | ||
| 040 |
_aJO-AjNU _beng _erda _cJO-AjNU |
||
| 041 | _aeng | ||
| 050 | 1 | 4 | _aKD3930.W3.2011 |
| 100 | 3 |
_aMallm,LLD ، A W Bradley, _eauthor _92788 |
|
| 245 | 0 | 0 | _aConstitutional AND Adminstrative Law |
| 264 | 3 | 1 | _aLondon : Pearson Longman ، 2011 |
| 300 | _a804p | ||
| 336 |
_atext _btxt _2rdacontent |
||
| 337 |
_aunmediated _bn _2rdamedia |
||
| 338 |
_avolume _bnc _2rdacarrier |
||
| 999 |
_aE1460 _c1460 _d1460 |
||